[Event "Championnat de France - Open B"]
[Site "NANCY"]
[Date "2013.08.20"]
[Round "8.8"]
[White "Racle, Valentin"]
[Black "Merenciano, Alexandre"]
[Result "1/2-1/2"]
[WhiteElo "1945"]
[BlackElo "1888"]
[PlyCount "82"]
[EventDate "2013.??.??"]

1. c4 e5 2. g3 Bc5 3. Bg2 Nf6 4. Nc3 O-O 5. e3 c6 6. d4 exd4 7. exd4 Bb4 8.
Nge2 d5 9. cxd5 Nxd5 10. O-O Bg4 11. Qb3 Nxc3 12. Nxc3 Qa5 13. a3 Bxc3 14. bxc3
Nd7 15. Qxb7 Qxc3 16. Bf4 Qxd4 17. Qxc6 Rac8 18. Qb5 Qb6 19. a4 Rc2 20. Be3 Qc7
21. Qg5 Ne5 22. Bd4 f6 23. Qe3 Re8 24. Qb3+ Be6 25. Qb7 Qxb7 26. Bxb7 Re7 27.
Bg2 Rd7 28. Bxe5 fxe5 29. Rfc1 Rxc1+ 30. Rxc1 Rd2 31. Bc6 Kf7 32. Kg2 a6 33.
Rb1 Rc2 34. Bb7 Ra2 35. Bxa6 Rxa4 36. Be2 Bd5+ 37. Kg1 Kf6 38. Rc1 Ra2 39. Bf1
g5 40. h3 h5 41. Re1 Kf5 1/2-1/2

[Event "Championnat de France - Open B"]
[Site "NANCY"]
[Date "2013.08.20"]
[Round "8.9"]
[White "Ronce, Nathan"]
[Black "Ginovart, Axel"]
[Result "1-0"]
[WhiteElo "1943"]
[BlackElo "1857"]
[PlyCount "123"]
[EventDate "2013.??.??"]

1. c4 Nf6 2. g3 e5 3. Bg2 d5 4. cxd5 Nxd5 5. Nc3 Nb6 6. Nf3 Nc6 7. O-O Be7 8.
a3 O-O 9. b4 Be6 10. Rb1 f6 11. d3 a5 12. b5 Nd4 13. Nd2 Bd5 14. Bxd5+ Nxd5 15.
Bb2 Bxa3 16. Nxd5 Bxb2 17. Nxc7 Qxc7 18. Rxb2 Rfc8 19. Nc4 b6 20. e3 Ne6 21. e4
Nc5 22. Ne3 Rd8 23. Nd5 Qb7 24. Rd2 a4 25. Ra2 Rxd5 26. exd5 Qxd5 27. Qc2 Kf8
28. Ra3 Nb3 29. Qc4 Qxc4 30. dxc4 Ke7 31. Rd1 Nc5 32. Kf1 f5 33. Ke2 Rf8 34.
Rd5 e4 35. Rxc5 bxc5 36. Rxa4 Kd6 37. f4 exf3+ 38. Kxf3 g5 39. Ra1 Re8 40. Rd1+
Kc7 41. Rd5 g4+ 42. Kf2 Kb6 43. Rxf5 Ra8 44. Ke3 Re8+ 45. Kf4 Re2 46. Kxg4 Rxh2
47. Kg5 h5 48. Rf6+ Ka5 49. Rf1 Rg2 50. Kf4 Rc2 51. Ra1+ Kb4 52. Rb1+ Kxc4 53.
b6 Rf2+ 54. Ke5 Rf8 55. b7 Rb8 56. Kd6 Kd4 57. Kc7 Rg8 58. b8=Q Rxb8 59. Rxb8
c4 60. Rh8 c3 61. Rxh5 c2 62. Rh1 1-0

[Event "Championnat de France - Open B"]
[Site "NANCY"]
[Date "2013.08.20"]
[Round "8.10"]
[White "Leriche, Ines"]
[Black "Testa, Stephane"]
[Result "0-1"]
[WhiteElo "1767"]
[BlackElo "1939"]
[PlyCount "116"]
[EventDate "2013.??.??"]

1. d4 Nf6 2. c4 e6 3. Nc3 Bb4 4. e3 O-O 5. Nge2 d5 6. a3 Be7 7. Ng3 b6 8. cxd5
Nxd5 9. e4 Nxc3 10. bxc3 Bb7 11. Be2 c5 12. Be3 Nd7 13. O-O Nf6 14. Qb1 Qc7 15.
Rd1 Rac8 16. Bd3 h6 17. a4 Ng4 18. Bc1 Bh4 19. e5 cxd4 20. cxd4 f6 21. Ba3 fxe5
22. Bxf8 Rxf8 23. Bh7+ Kh8 24. Ra2 Bxg3 25. hxg3 Qc6 26. f3 Nf6 27. Bg6 exd4
28. Qb4 Rd8 29. Rxd4 Nd5 30. Qc4 Qd6 31. Qc2 Qxg3 32. Rg4 Qe1+ 33. Kh2 Ne3 34.
Qc7 Nxg4+ 35. Kh3 Rf8 36. Qxb7 Ne5 37. Be4 Qh1+ 38. Kg3 Qh5 39. Qxa7 Qg5+ 40.
Kh2 Qh4+ 41. Kg1 Qe1+ 42. Kh2 Ng4+ 43. fxg4 Qxe4 44. Qxb6 Qxg4 45. Qe3 Rf1 46.
Ra3 Qh4+ 47. Qh3 Qf4+ 48. Qg3 Qc1 49. Qe3 Rh1+ 50. Kg3 Qc7+ 51. Kf2 Qc2+ 52.
Kg3 Qg6+ 53. Kf2 Rb1 54. Qf3 Qc2+ 55. Kg3 Qc7+ 56. Kf2 Qe5 57. Qf8+ Kh7 58. Qf3
Qe1# 0-1

[Event "Championnat de France - Open B"]
[Site "NANCY"]
[Date "2013.08.21"]
[Round "9.1"]
[White "Coiffait, Pierre-Basile"]
[Black "Venard, Paul-Andre"]
[Result "0-1"]
[WhiteElo "1931"]
[BlackElo "1933"]
[PlyCount "93"]
[EventDate "2013.??.??"]

1. e4 c5 2. Nf3 Nc6 3. d4 cxd4 4. Nxd4 g6 5. c4 Bg7 6. Nc2 Nh6 7. Nc3 d6 8. Be2
O-O 9. Bd2 f5 10. Qc1 Ng4 11. Ne3 Nxe3 12. Bxe3 fxe4 13. Nxe4 Nd4 14. Qd2 Nxe2
15. Kxe2 Be6 16. Rac1 a6 17. b3 b5 18. Ng5 Qd7 19. c5 d5 20. Rhd1 Rad8 21. c6
Qd6 22. c7 Bg4+ 23. f3 Qxh2 24. Rg1 Rc8 25. fxg4 d4 26. Bxd4 Qg3 27. Nf3 Rxc7
28. Rxc7 Qxc7 29. Bxg7 Kxg7 30. Qd4+ e5 31. Qd2 e4 32. Qd4+ Kg8 33. Qd5+ Rf7
34. Ng5 Qc2+ 35. Ke3 Qf2+ 36. Kxe4 Qe2+ 37. Kd4 Qd2+ 38. Kc5 Qc3+ 39. Kb6 Qf6+
40. Ka5 Qc3+ 41. Kxa6 Qc8+ 42. Kb6 Qc7+ 43. Kxb5 Qb8+ 44. Kc4 Qc8+ 45. Kd3 Qa6+
46. Kd2 Qxa2+ 47. Kc3 0-1

[Event "Championnat de France - Open B"]
[Site "NANCY"]
[Date "2013.08.21"]
[Round "9.2"]
[White "Pouchon, Joffrey"]
[Black "Joslin, Jerome"]
[Result "0-1"]
[WhiteElo "1917"]
[BlackElo "1980"]
[PlyCount "64"]
[EventDate "2013.??.??"]

1. d4 d5 2. Nf3 c5 3. c3 Nc6 4. dxc5 e6 5. Be3 a5 6. Na3 Nf6 7. Nb5 e5 8. h3
Be7 9. g3 O-O 10. Bg2 Ne4 11. O-O Bxc5 12. Bxc5 Nxc5 13. a4 Be6 14. h4 f6 15.
Nd2 Qd7 16. e4 d4 17. Qe2 Rad8 18. Rfd1 Qf7 19. Bf1 f5 20. cxd4 exd4 21. e5 d3
22. Qe3 b6 23. Nd6 Qg6 24. f4 Nb4 25. Qf2 Ne4 26. N2xe4 fxe4 27. Bg2 Rxd6 28.
exd6 Nc2 29. Re1 Bd5 30. Rad1 Nxe1 31. Rxe1 Qxd6 32. Bxe4 Bxe4 0-1

[Event "Championnat de France - Open B"]
[Site "NANCY"]
[Date "2013.08.21"]
[Round "9.3"]
[White "Muller, Etienne"]
[Black "Ronce, Nathan"]
[Result "1/2-1/2"]
[WhiteElo "1907"]
[BlackElo "1943"]
[PlyCount "94"]
[EventDate "2013.??.??"]

1. Nf3 Nf6 2. c4 g6 3. Nc3 d5 4. Qa4+ Bd7 5. Qb3 dxc4 6. Qxc4 a6 7. d4 b5 8.
Qd3 Bg7 9. e4 O-O 10. Be2 Nc6 11. e5 Be6 12. Qd1 Nd5 13. Nxd5 Bxd5 14. O-O Qd7
15. a4 Na5 16. axb5 axb5 17. b4 Nc4 18. Rxa8 Rxa8 19. Bxc4 bxc4 20. Be3 Ra3 21.
Qc2 Qc6 22. Rc1 c3 23. b5 Qxb5 24. Rb1 Rb3 25. Rxb3 Qxb3 26. Qxb3 Bxb3 27. Ne1
Bc4 28. f4 e6 29. Kf2 Bf8 30. Bc1 Be7 31. Nc2 c6 32. Ne3 Bd3 33. Nd1 Bb4 34.
Ke3 Bc2 35. Nf2 Kf8 36. Nd3 Be7 37. Nc5 Bxc5 38. dxc5 Bf5 39. Kd4 c2 40. Kc3
Ke7 41. g4 Bxg4 42. Kxc2 Kf8 43. Kd2 Bf3 44. Ke3 Bd5 45. Kf2 Kg7 46. Kg3 Bh1
47. Bd2 Bd5 1/2-1/2

[Event "Championnat de France - Open B"]
[Site "NANCY"]
[Date "2013.08.21"]
[Round "9.4"]
[White "Testa, Stephane"]
[Black "Moullier, Igor"]
[Result "1/2-1/2"]
[WhiteElo "1939"]
[BlackElo "1936"]
[PlyCount "94"]
[EventDate "2013.??.??"]

1. e4 e6 2. b3 b6 3. Bb2 Bb7 4. d3 d5 5. Nd2 Nf6 6. e5 Nfd7 7. f4 c5 8. Ngf3
Nc6 9. g3 Qc7 10. Bg2 Be7 11. O-O O-O-O 12. d4 Kb8 13. Kh1 h6 14. c3 g5 15. Ne1
f6 16. Nd3 f5 17. h3 h5 18. fxg5 Bxg5 19. Nf4 Bxf4 20. gxf4 Rdg8 21. Nf3 Nf8
22. Ng5 cxd4 23. cxd4 Qd7 24. Ba3 Nh7 25. h4 Nxg5 26. fxg5 Rc8 27. Rc1 Ne7 28.
Bd6+ Ka8 29. Bxe7 Qxe7 30. Rxc8+ Bxc8 31. Bf3 Bd7 32. Rf2 Be8 33. Rc2 Bg6 34.
Qc1 Kb7 35. Be2 f4 36. Rc3 Rf8 37. Qf1 a5 38. Qc1 Be4+ 39. Bf3 Qh7 40. Qf1
Bxf3+ 41. Qxf3 Qb1+ 42. Kh2 Qxa2+ 43. Kh3 Qb1 44. Kg2 Qb2+ 45. Kg1 Qb1+ 46. Kg2
Qb2+ 47. Kg1 Qb1+ 1/2-1/2

[Event "Championnat de France - Open B"]
[Site "NANCY"]
[Date "2013.08.21"]
[Round "9.5"]
[White "Bellahcene, Rayane"]
[Black "Duhamel, Benoit"]
[Result "1/2-1/2"]
[WhiteElo "1989"]
[BlackElo "1942"]
[PlyCount "115"]
[EventDate "2013.??.??"]

1. d4 d5 2. Nf3 Bg4 3. Ne5 Bh5 4. g3 f6 5. Nf3 Nc6 6. Bg2 e5 7. dxe5 fxe5 8. a3
a5 9. Nc3 Nf6 10. Bg5 Bf7 11. Bxf6 gxf6 12. e3 Qd7 13. O-O Bc5 14. Nh4 Ne7 15.
Qf3 Qe6 16. e4 d4 17. Nf5 Nxf5 18. exf5 Qd7 19. Qxb7 O-O 20. Nd5 Qxf5 21. Be4
Qg5 22. Qxc7 Rac8 23. Qxa5 f5 24. Bg2 e4 25. h4 Qd8 26. Qxd8 Rfxd8 27. Nf4 Bd6
28. Rac1 Rc7 29. Rfd1 Bxf4 30. gxf4 Bh5 31. Rd2 Rg7 32. Kh2 Kf7 33. Bh3 Kf6 34.
Rg1 Rxg1 35. Kxg1 Bf3 36. Kh2 Rd5 37. Bf1 h5 38. Be2 Bxe2 39. Rxe2 d3 40. Rd2
Ke6 41. Kg2 Kd6 42. b4 Kc6 43. f3 Kb5 44. fxe4 fxe4 45. cxd3 exd3 46. Kf2 Kc4
47. Ke1 Kd4 48. Rb2 Ke3 49. b5 Rc5 50. Kd1 Rc3 51. b6 Rxa3 52. Rb1 Ra2 53. b7
Rd2+ 54. Kc1 Rc2+ 55. Kd1 Rf2 56. Kc1 Rc2+ 57. Kd1 Rg2 58. Kc1 1/2-1/2

[Event "Championnat de France - Open B"]
[Site "NANCY"]
[Date "2013.08.21"]
[Round "9.6"]
[White "Schmit, Vincent"]
[Black "Perradin, Vincent"]
[Result "0-1"]
[WhiteElo "1979"]
[BlackElo "1916"]
[PlyCount "88"]
[EventDate "2013.??.??"]

1. e4 e5 2. Nf3 Nc6 3. Bc4 Bc5 4. c3 Nf6 5. d3 O-O 6. Nbd2 d5 7. Bb3 dxe4 8.
dxe4 Qe7 9. O-O Bg4 10. Re1 Rad8 11. Qe2 h6 12. Nf1 Nh5 13. h3 Bc8 14. Bc2 Qf6
15. Kh2 Nf4 16. Bxf4 Qxf4+ 17. g3 Qf6 18. Ne3 Ne7 19. Rad1 Bxe3 20. Qxe3 Qe6
21. Ng1 Qxa2 22. Rb1 Rd6 23. f4 Rfd8 24. Nf3 Rb6 25. Qc1 exf4 26. gxf4 Rbd6 27.
Rg1 Rg6 28. Rxg6 Nxg6 29. f5 Ne7 30. Ne5 Qa5 31. Qf4 Qb5 32. Rg1 Qxb2 33. Qg3
g6 34. Rg2 g5 35. f6 Nc6 36. h4 Nxe5 37. Qxe5 g4 38. Qh5 Qxc3 39. Rxg4+ Bxg4
40. Qxg4+ Kf8 41. Qg7+ Ke8 42. Qg8+ Kd7 43. Qg4+ Kc6 44. Ba4+ b5 0-1

[Event "Championnat de France - Open B"]
[Site "NANCY"]
[Date "2013.08.21"]
[Round "9.7"]
[White "Marimoutou, Loic"]
[Black "Trouve, Guillaume"]
[Result "1-0"]
[WhiteElo "1960"]
[BlackElo "1908"]
[PlyCount "55"]
[EventDate "2013.??.??"]

1. e4 c5 2. Nc3 e6 3. f4 Nc6 4. Nf3 a6 5. d3 d5 6. Be2 Nf6 7. O-O Be7 8. Qe1
Nd4 9. Bd1 b5 10. e5 Nxf3+ 11. Bxf3 Nd7 12. f5 Qc7 13. f6 gxf6 14. exf6 Nxf6
15. Bg5 Bb7 16. Bxf6 Bxf6 17. Bh5 Qe7 18. Kh1 Rf8 19. Qf2 Bd4 20. Qf4 O-O-O 21.
Ne2 Bxb2 22. Rab1 Ba3 23. c4 b4 24. Bf3 d4 25. Ng3 f5 26. Rfe1 Rde8 27. Re5 Qd6
28. Ra1 1-0

[Event "Championnat de France - Open B"]
[Site "NANCY"]
[Date "2013.08.21"]
[Round "9.8"]
[White "Roussel, Glenn"]
[Black "Chebance, Benoit"]
[Result "1-0"]
[WhiteElo "1926"]
[BlackElo "1959"]
[PlyCount "35"]
[EventDate "2013.??.??"]

1. d4 d6 2. e4 Nf6 3. Nc3 g6 4. Be3 Nbd7 5. f4 e5 6. fxe5 dxe5 7. dxe5 Nxe5 8.
Qxd8+ Kxd8 9. O-O-O+ Bd7 10. Bd4 Bd6 11. Nf3 Re8 12. Ng5 Ke7 13. Be2 c5 14. Bf2
Neg4 15. Bh4 Ne3 16. Nxh7 Be5 17. Bxf6+ Bxf6 18. Rxd7+ 1-0

[Event "Championnat de France - Open B"]
[Site "NANCY"]
[Date "2013.08.21"]
[Round "9.9"]
[White "Merenciano, Alexandre"]
[Black "Louis-Sidois, Charles"]
[Result "1-0"]
[WhiteElo "1888"]
[BlackElo "1950"]
[PlyCount "50"]
[EventDate "2013.??.??"]

1. e4 e6 2. d4 d5 3. Nd2 Nc6 4. c3 e5 5. dxe5 dxe4 6. Qe2 Qd5 7. Nxe4 Be7 8. f4
Nh6 9. Nf3 Bg4 10. Qc4 Qd7 11. Be2 O-O-O 12. O-O Be6 13. Qa4 a6 14. Rd1 Qe8 15.
Rxd8+ Qxd8 16. Be3 Ng4 17. Bc5 Bxc5+ 18. Nxc5 Qd5 19. b4 g5 20. f5 Ne3 21. fxe6
g4 22. Nh4 Nb8 23. exf7 Qxf7 24. b5 h5 25. Qe4 Qd5 1-0

[Event "Championnat de France - Open B"]
[Site "NANCY"]
[Date "2013.08.21"]
[Round "9.10"]
[White "Ruhant, Anthony"]
[Black "Racle, Valentin"]
[Result "0-1"]
[WhiteElo "1924"]
[BlackElo "1945"]
[PlyCount "84"]
[EventDate "2013.??.??"]

1. e4 c5 2. Nf3 e6 3. d4 cxd4 4. Nxd4 Nc6 5. c4 Nf6 6. Nc3 a6 7. Be2 Qc7 8. Be3
d6 9. O-O Ne5 10. Rc1 Be7 11. f4 Ned7 12. Qe1 b6 13. b4 Bb7 14. Bd3 h5 15. f5
e5 16. Nc2 Ng4 17. Bd2 Qd8 18. Ne3 Bh4 19. Qe2 Bg5 20. Rcd1 Bxe3+ 21. Bxe3 Qh4
22. g3 Qh3 23. Rf3 h4 24. Bg5 Nxh2 25. Qxh2 Qg4 26. Be2 Qxg5 27. Rxd6 O-O-O 28.
Nd5 hxg3 29. Qxg3 Qh5 30. Qg2 Qh4 31. Rf1 Nf6 32. Rxd8+ Rxd8 33. Bf3 Bxd5 34.
cxd5 Rh8 35. Rd1 Kd7 36. Kf1 Nh5 37. Bxh5 Rxh5 38. Rd2 Rg5 39. Qf3 Rg3 40. Qd1
Qh3+ 41. Ke2 Qh2+ 42. Kf1 Rg1# 0-1

[Event "Championnat de France - Open B"]
[Site "NANCY"]
[Date "2013.08.22"]
[Round "10.1"]
[White "Joslin, Jerome"]
[Black "Coiffait, Pierre-Basile"]
[Result "0-1"]
[WhiteElo "1980"]
[BlackElo "1931"]
[PlyCount "110"]
[EventDate "2013.??.??"]

1. d4 Nf6 2. c4 g6 3. Nc3 d5 4. cxd5 Nxd5 5. e4 Nxc3 6. bxc3 Bg7 7. Bb5+ c6 8.
Bc4 c5 9. Bb5+ Bd7 10. Bxd7+ Qxd7 11. Nf3 Nc6 12. Bb2 O-O 13. O-O cxd4 14. cxd4
Rfd8 15. e5 Rac8 16. Rc1 Bh6 17. Rb1 b6 18. Ba1 Na5 19. Qe2 Qf5 20. Qa6 Rc7 21.
Rfd1 Nc4 22. Qa4 Qd7 23. Qb3 Na5 24. Qd3 Qd5 25. Nd2 Qxe5 26. Nf1 Qd6 27. d5
Bg7 28. Bxg7 Kxg7 29. Ne3 Qe5 30. Ng4 Qc3 31. Qe2 h5 32. Ne5 Qc2 33. Qe3 Qf5
34. Qd4 f6 35. Nf3 Rcd7 36. Qe3 Nc4 37. Qe2 Rxd5 38. Qxe7+ Kh6 39. Re1 R5d7 40.
Qe2 Nd2 41. Qe3+ g5 42. Rbc1 Nxf3+ 43. gxf3 Qd3 44. Rc3 Qxe3 45. Rexe3 Kg6 46.
Ra3 Rc8 47. Ra6 Rc1+ 48. Kg2 Rc2 49. f4 g4 50. Kg3 Rdd2 51. Rxa7 Rxf2 52. h3
gxh3 53. Kxh3 Rh2+ 54. Kg3 h4+ 55. Kf3 Kf5 0-1

[Event "Championnat de France - Open B"]
[Site "NANCY"]
[Date "2013.08.22"]
[Round "10.2"]
[White "Venard, Paul-Andre"]
[Black "Racle, Valentin"]
[Result "1-0"]
[WhiteElo "1933"]
[BlackElo "1945"]
[PlyCount "87"]
[EventDate "2013.??.??"]

1. d4 Nf6 2. c4 e6 3. Nc3 Bb4 4. e3 O-O 5. Nge2 d5 6. a3 Bd6 7. Ng3 b6 8. cxd5
exd5 9. b4 c6 10. Bd3 a5 11. Rb1 axb4 12. axb4 Qc7 13. O-O Be6 14. e4 dxe4 15.
Ncxe4 Nxe4 16. Bxe4 g6 17. d5 Bxd5 18. Bxd5 cxd5 19. Qxd5 Qc6 20. Qd4 f6 21. b5
Qc5 22. Qe4 Ra7 23. Be3 Qc7 24. Rfc1 Qd8 25. Qe6+ Kg7 26. Qh3 Kg8 27. Ne4 Be5
28. Qe6+ Raf7 29. Bxb6 Qd7 30. Qxd7 Rxd7 31. Nc5 Rd5 32. Ne6 Re8 33. Nc7 Bxc7
34. Bxc7 Rd7 35. Bg3 Kf7 36. h3 Red8 37. Kh2 Re8 38. Rc2 Rb7 39. b6 Kf8 40. Rc7
Rxc7 41. bxc7 Nc6 42. Rb7 f5 43. Bd6+ Kg8 44. Rb8 1-0

[Event "Championnat de France - Open B"]
[Site "NANCY"]
[Date "2013.08.22"]
[Round "10.3"]
[White "Marimoutou, Loic"]
[Black "Roussel, Glenn"]
[Result "1-0"]
[WhiteElo "1960"]
[BlackElo "1926"]
[PlyCount "53"]
[EventDate "2013.??.??"]

1. e4 c5 2. Nc3 Nc6 3. Bb5 Nd4 4. Bc4 e6 5. Nf3 Nf6 6. O-O a6 7. d3 b5 8. Bb3
Bb7 9. Nxd4 cxd4 10. Ne2 Qb6 11. f4 Nxe4 12. dxe4 d3+ 13. Kh1 dxe2 14. Qxe2 Bc5
15. Bd2 O-O 16. Rac1 a5 17. c3 d5 18. e5 b4 19. Qg4 bxc3 20. bxc3 f6 21. f5 Bc8
22. exf6 Rxf6 23. Bg5 exf5 24. Bxd5+ Be6 25. Qf3 Raf8 26. Bxf6 Rxf6 27. Bxe6+
1-0

[Event "Championnat de France - Open B"]
[Site "NANCY"]
[Date "2013.08.22"]
[Round "10.5"]
[White "Duhamel, Benoit"]
[Black "Muller, Etienne"]
[Result "1-0"]
[WhiteElo "1942"]
[BlackElo "1907"]
[PlyCount "63"]
[EventDate "2013.??.??"]

1. e4 c5 2. Nf3 e6 3. c3 Nf6 4. e5 Nd5 5. Bc4 Nb6 6. Bb3 d6 7. d4 dxe5 8. Nxe5
cxd4 9. cxd4 N8d7 10. Bf4 Be7 11. Nc3 Nf6 12. O-O O-O 13. Qd3 Nbd5 14. Bg5 h6
15. Bh4 Nf4 16. Qd2 g5 17. Bg3 N6h5 18. Bxf4 Nxf4 19. g3 Nh5 20. Qd3 Bd6 21.
Qf3 Ng7 22. Rad1 f5 23. Rfe1 Qf6 24. Nb5 Bb8 25. Rc1 a6 26. Nc7 Ra7 27. d5 b5
28. dxe6 g4 29. e7+ Kh7 30. exf8=Q Qxf8 31. Qc6 Rxc7 32. Qg6+ 1-0

[Event "Championnat de France - Open B"]
[Site "NANCY"]
[Date "2013.08.22"]
[Round "10.6"]
[White "Perradin, Vincent"]
[Black "Testa, Stephane"]
[Result "1-0"]
[WhiteElo "1916"]
[BlackElo "1939"]
[PlyCount "53"]
[EventDate "2013.??.??"]

1. e4 e6 2. d4 d5 3. Nd2 Nf6 4. Bd3 c5 5. e5 Nfd7 6. c3 Nc6 7. Ndf3 cxd4 8.
cxd4 f6 9. exf6 Nxf6 10. Ne2 Bd6 11. Bf4 O-O 12. Bxd6 Qxd6 13. O-O Bd7 14. Ng3
Rae8 15. Re1 e5 16. dxe5 Nxe5 17. Nxe5 Rxe5 18. Rxe5 Qxe5 19. Qe2 Qf4 20. Nh5
Nxh5 21. Qxh5 Qxf2+ 22. Kh1 g6 23. Qxd5+ Qf7 24. Qxb7 Qe6 25. Be4 Qg4 26. Bf3
Bc8 27. Qb3+ 1-0

[Event "Championnat de France - Open B"]
[Site "NANCY"]
[Date "2013.08.22"]
[Round "10.7"]
[White "Moullier, Igor"]
[Black "Merenciano, Alexandre"]
[Result "0-1"]
[WhiteElo "1936"]
[BlackElo "1888"]
[PlyCount "94"]
[EventDate "2013.??.??"]

1. c4 Nf6 2. g3 g6 3. Bg2 d5 4. cxd5 Nxd5 5. Nc3 Nxc3 6. bxc3 Bg7 7. Nf3 O-O 8.
O-O c5 9. Bb2 Nc6 10. d3 Qa5 11. Qc2 Rb8 12. Nd2 Be6 13. Nb3 Qb6 14. c4 Rfd8
15. Bxg7 Kxg7 16. Rab1 Bc8 17. Qd2 Ne5 18. Qe3 Qf6 19. Nxc5 Bf5 20. Rxb7 Rxb7
21. Nxb7 Rd4 22. c5 Ra4 23. Qd2 Qe6 24. Qc3 f6 25. d4 Rc4 26. Qa1 Ng4 27. h3
Nxf2 28. Rxf2 Qe3 29. d5 Rc1+ 30. Qxc1 Qxc1+ 31. Kh2 Qb1 32. d6 exd6 33. cxd6
Bc8 34. Nc5 Qb6 35. Rxf6 Kxf6 36. d7 Qd8 37. Ne4+ Kg7 38. dxc8=Q Qxc8 39. Ng5
Qc4 40. Bf3 Qxa2 41. Ne4 a5 42. Nc3 Qc4 43. Nd5 Qb3 44. Nc7 a4 45. Bd5 Qe3 46.
Ne6+ Kf6 47. Bc4 Qxe6 0-1

[Event "Championnat de France - Open B"]
[Site "NANCY"]
[Date "2013.08.22"]
[Round "10.8"]
[White "Rayne, Remy"]
[Black "Bellahcene, Rayane"]
[Result "0-1"]
[WhiteElo "1859"]
[BlackElo "1989"]
[PlyCount "62"]
[EventDate "2013.??.??"]

1. Nf3 e6 2. d4 d5 3. c4 c6 4. Qc2 Nd7 5. g3 Ngf6 6. Bg2 Be7 7. O-O O-O 8. b3
b6 9. Bb2 Bb7 10. Nc3 Rc8 11. Rfd1 Qc7 12. e4 c5 13. exd5 exd5 14. Nb5 Qb8 15.
Re1 Rfe8 16. Bc1 dxc4 17. Bf4 Qa8 18. Nh4 Bxg2 19. Nxg2 Nd5 20. bxc4 Nxf4 21.
Nxf4 cxd4 22. Nxd4 Bf6 23. Rxe8+ Rxe8 24. Rd1 Bxd4 25. Nd5 Be5 26. f4 Bd6 27.
Qf5 Bc5+ 28. Kf1 Nf6 29. Nxf6+ gxf6 30. Rd5 Qc8 31. Rd7 Qc6 0-1

[Event "Championnat de France - Open B"]
[Site "NANCY"]
[Date "2013.08.22"]
[Round "10.9"]
[White "Audin, Gilles"]
[Black "Da Silva, Quentin"]
[Result "1/2-1/2"]
[WhiteElo "1981"]
[BlackElo "1848"]
[PlyCount "86"]
[EventDate "2013.??.??"]

1. d4 c5 2. d5 d6 3. c4 g6 4. Nf3 Bg7 5. Nc3 Nf6 6. Qa4+ Bd7 7. Qb3 b6 8. e4
O-O 9. Be2 e6 10. O-O exd5 11. cxd5 Re8 12. Nd2 Qc8 13. Nc4 Bf8 14. f3 Nh5 15.
g4 Ng7 16. Bf4 Qc7 17. Rad1 Kh8 18. Nb5 Bxb5 19. Qxb5 f6 20. a4 Rd8 21. a5 bxa5
22. Ra1 Nd7 23. Rxa5 Nb6 24. Rfa1 Nxc4 25. Bxc4 Rdb8 26. Qc6 Rb7 27. Bb5 Rab8
28. Qxc7 Rxc7 29. Rxa7 Rxa7 30. Rxa7 g5 31. Bg3 Kg8 32. Bd7 Rxb2 33. Be6+ Nxe6
34. dxe6 c4 35. e7 Bxe7 36. Rxe7 c3 37. Rc7 c2 38. Be1 Rb1 39. Rxc2 Rxe1+ 40.
Kf2 Rd1 41. Ke2 Rh1 42. Ke3 Kf7 43. Rc7+ Kg6 1/2-1/2

[Event "Championnat de France - Open B"]
[Site "NANCY"]
[Date "2013.08.22"]
[Round "10.10"]
[White "Ginovart, Axel"]
[Black "Kern, Nicolas"]
[Result "0-1"]
[WhiteElo "1857"]
[BlackElo "1927"]
[PlyCount "64"]
[EventDate "2013.??.??"]

1. e4 e5 2. Nf3 Nc6 3. Bb5 Bc5 4. O-O Nd4 5. Ba4 Nxf3+ 6. Qxf3 c6 7. d3 d6 8.
Nc3 Ne7 9. Nd5 O-O 10. Nxe7+ Qxe7 11. Qg3 a6 12. Kh1 Be6 13. f4 f6 14. f5 b5
15. Bb3 Bxb3 16. axb3 d5 17. Be3 Rfd8 18. Rfd1 Qa7 19. Bh6 Rd7 20. exd5 cxd5
21. Rf1 Rc8 22. c3 Qb7 23. Be3 Bxe3 24. Qxe3 d4 25. cxd4 Rxd4 26. Rac1 Rcd8 27.
Rcd1 Qd5 28. Rf3 Qxb3 29. Rd2 e4 30. Rg3 Rxd3 31. Qh6 Qd1+ 32. Rxd1 Rxd1# 0-1

[Event "Championnat de France - Open B"]
[Site "NANCY"]
[Date "2013.08.23"]
[Round "11.1"]
[White "Venard, Paul-Andre"]
[Black "Marimoutou, Loic"]
[Result "1/2-1/2"]
[WhiteElo "1933"]
[BlackElo "1960"]
[PlyCount "183"]
[EventDate "2013.??.??"]

1. d4 Nf6 2. c4 g6 3. Nf3 Bg7 4. g3 O-O 5. Bg2 d5 6. cxd5 Nxd5 7. O-O Nb6 8.
Nc3 Nc6 9. d5 Na5 10. e4 c6 11. Re1 Nac4 12. Qe2 Re8 13. Bf4 cxd5 14. exd5 Bg4
15. h3 Bxf3 16. Bxf3 Rc8 17. Rac1 Qd7 18. b3 Nd6 19. Be5 Bxe5 20. Qxe5 Qxh3 21.
Qd4 Qh6 22. Qd3 Rc7 23. Rcd1 a6 24. Ne4 Nbc8 25. Nd2 Nf5 26. Bg4 Ncd6 27. Bxf5
Nxf5 28. Ne4 Rd8 29. Qe2 Rcd7 30. Nc5 Rxd5 31. Rxd5 Rxd5 32. Nxb7 Rd2 33. Qc4
Rxa2 34. Nd8 Nd6 35. Qd3 Qd2 36. Qxd2 Rxd2 37. Rxe7 Nf5 38. Re8+ Kg7 39. Nc6
Rb2 40. Ra8 Rxb3 41. Rxa6 Rb2 42. Ne5 Re2 43. Nf3 Nh6 44. Ra4 Nf5 45. Ra6 h5
46. Ra7 Nh6 47. Ng5 Kf6 48. Nh3 Ng4 49. Ra6+ Kg7 50. Ra7 Rb2 51. Rc7 Rb5 52.
Rc2 g5 53. Ra2 Nh6 54. Kg2 Rf5 55. Rb2 f6 56. Ra2 Nf7 57. Rb2 Kg6 58. Ra2 Rb5
59. Rc2 Nd6 60. Ra2 Nf7 61. Rc2 Ne5 62. Rd2 Kf5 63. Ng1 Rb4 64. Nf3 Nxf3 65.
Kxf3 g4+ 66. Kg2 Rb5 67. Re2 Re5 68. Ra2 Ke4 69. Ra4+ Kf5 70. Ra2 Kg5 71. Rb2
Rc5 72. Ra2 Rc3 73. Ra5+ Kg6 74. Ra2 Rf3 75. Ra8 Rf5 76. Rg8+ Kf7 77. Ra8 Rb5
78. Ra2 Rb4 79. Ra7+ Kg6 80. Ra2 Rb6 81. Rc2 Kg5 82. Rc5+ Kg6 83. Rc2 Rb3 84.
Ra2 h4 85. gxh4 Kh5 86. Ra5+ Kxh4 87. Rf5 Rb6 88. Kh2 Rc6 89. Kg2 Rd6 90. Kh2
Ra6 91. Kg2 Rb6 92. Kh2 1/2-1/2

[Event "Championnat de France - Open B"]
[Site "NANCY"]
[Date "2013.08.23"]
[Round "11.2"]
[White "Coiffait, Pierre-Basile"]
[Black "Duhamel, Benoit"]
[Result "1-0"]
[WhiteElo "1931"]
[BlackElo "1942"]
[PlyCount "189"]
[EventDate "2013.??.??"]

1. e4 Nf6 2. e5 Nd5 3. d4 d6 4. Nf3 Bg4 5. c4 Nb6 6. exd6 exd6 7. Be2 Nc6 8.
O-O Be7 9. b3 Bf6 10. Bb2 O-O 11. h3 Bf5 12. Bd3 Qd7 13. Bxf5 Qxf5 14. Qd2 a5
15. Na3 Rfe8 16. Nb5 Qd7 17. d5 Ne5 18. Nxe5 Bxe5 19. Bxe5 Rxe5 20. a4 Qd8 21.
f4 Re8 22. Rfe1 Rxe1+ 23. Rxe1 Nd7 24. Qe3 Kf8 25. Qe4 Nf6 26. Qd3 h5 27. Re3
Qd7 28. Qd2 b6 29. Nd4 Re8 30. Qe2 Rxe3 31. Qxe3 Qe8 32. Kf2 Qxe3+ 33. Kxe3 g6
34. Nb5 Ne8 35. f5 Ke7 36. fxg6 fxg6 37. g4 hxg4 38. hxg4 Kf6 39. Kf4 g5+ 40.
Ke4 Kg6 41. Nd4 Nf6+ 42. Kf3 Nd7 43. Ne6 Nc5 44. Nxc7 Nxb3 45. Ke3 Nc5 46. Nb5
Nb7 47. Kd4 Kf6 48. Na7 Ke7 49. Ke4 Nc5+ 50. Kf5 Nxa4 51. Nb5 Nb2 52. Na3 a4
53. Kxg5 Nd3 54. Kf5 Ne5 55. g5 Kf7 56. Ke4 Kg6 57. Kd4 Kxg5 58. Kc3 Kf6 59.
Kb4 Ke7 60. Kb5 Nd7 61. Kc6 Nc5 62. Kxb6 Kd7 63. Ka5 Nd3 64. Kxa4 Nc5+ 65. Ka5
Nb3+ 66. Kb6 Nd2 67. Kb5 Nb3 68. Nc2 Kc7 69. Kb4 Nc5 70. Nd4 Kd7 71. Kb5 Nd3
72. Ne6 Ne5 73. Kb4 Nd3+ 74. Kc3 Ne5 75. Ng5 Ng6 76. Kd4 Ne7 77. Nf3 Nf5+ 78.
Ke4 Ne7 79. Nd4 Nc8 80. Nf5 Nb6 81. Kd4 Na4 82. Ng7 Nc5 83. Nh5 Ke7 84. Ng3 Kd7
85. Ne4 Nb7 86. Kc3 Kc7 87. Kb4 Nd8 88. Ng5 Kb6 89. Kc3 Kc7 90. Ne6+ Kd7 91.
Nxd8 Kxd8 92. Kb4 Kc7 93. Ka5 Kb7 94. Kb5 Kc7 95. Ka6 1-0

[Event "Championnat de France - Open B"]
[Site "NANCY"]
[Date "2013.08.23"]
[Round "11.3"]
[White "Merenciano, Alexandre"]
[Black "Perradin, Vincent"]
[Result "1-0"]
[WhiteElo "1888"]
[BlackElo "1916"]
[PlyCount "89"]
[EventDate "2013.??.??"]

1. e4 e5 2. Bc4 Nc6 3. Nc3 Nf6 4. d3 Na5 5. a3 Nxc4 6. dxc4 d6 7. Nge2 Be7 8.
Qd3 c6 9. Bg5 h6 10. Bxf6 Bxf6 11. Rd1 Be7 12. c5 d5 13. exd5 Bxc5 14. Ne4 Bb6
15. d6 Bd7 16. c4 f5 17. N4g3 Qf6 18. b4 e4 19. Qd2 O-O 20. c5 Bd8 21. O-O g5
22. Nd4 Qg6 23. Qc2 h5 24. f3 h4 25. Nh1 exf3 26. Rxf3 g4 27. Rf2 Bg5 28. g3
Rae8 29. Re2 Qf6 30. Nf2 hxg3 31. hxg3 f4 32. Rxe8 Rxe8 33. Ne4 Qg6 34. Nxg5
Qxg5 35. Qc4+ Kg7 36. gxf4 Qh4 37. Qc3 Kf8 38. Rf1 g3 39. Nf3 Qh6 40. Re1 Qxf4
41. Rxe8+ Bxe8 42. Qh8+ Kf7 43. Ne5+ Ke6 44. Qxe8+ Kd5 45. Qf7+ 1-0